000 00463nam a22001577a 4500
003 OSt
008 260423b |||||||| |||| 00| 0 eng d
082 _a634.6
_bR95E
100 _aRani, Ruby
245 _aEffect of Growth Substances and Girdling and Fruit set Maturity and Quality of Litchi (Litchi chinensis Sonn.)
260 _aPusa, Samastipur
_bRAU
_c1994
300 _a125P.
502 _bMsc.
_d1994
650 _aFruit & Fruit Technology
942 _2ddc
_cT
999 _c50124
_d50124